[Event "Zagreb Open 2010"]
[Site "Zagreb CRO"]
[Date "2010.03.02"]
[Round "7.3"]
[White "Brkic, Ante"]
[Black "Rogulj, Branko"]
[Result "1/2-1/2"]
[WhiteElo "2564"]
[BlackElo "2431"]
[PlyCount "257"]
[EventDate "2010.02.25"]
[EventType "swiss"]
[EventRounds "9"]
[EventCountry "CRO"]
[Source "lmi"]
[SourceDate "2010.02.25"]

1. e4 e5 2. Nf3 Nc6 3. Bc4 Nf6 4. d3 Bc5 5. c3 d6 6. Bb3 O-O 7. O-O a6 8. h3
Ba7 9. Re1 Be6 10. Bc2 d5 11. exd5 Qxd5 12. Bg5 Nd7 13. Nbd2 Nc5 14. Qe2 h6 15.
Bh4 a5 16. Nxe5 Bf5 17. Nxc6 bxc6 18. Ne4 Rfe8 19. Qf3 Bg6 20. Nxc5 Qxf3 21.
gxf3 Bxc5 22. Bg3 Reb8 23. b3 Bd6 24. Re2 c5 25. Rae1 Bf5 26. Kg2 Be6 27. c4 a4
28. bxa4 Kf8 29. Bb3 Bd7 30. Re4 Bc6 31. Bxd6+ cxd6 32. Re7 Re8 33. Rxe8+ Bxe8
34. d4 cxd4 35. Rd1 Ke7 36. Rxd4 Bc6 37. Kg3 Ra5 38. h4 h5 39. f4 g6 40. f3 Ke6
41. c5+ d5 42. Re4+ Kd7 43. Re3 Rxc5 44. f5 Kd6 45. fxg6 fxg6 46. Kf4 Bd7 47.
Rd3 Bxa4 48. Kg5 Bb5 49. Rd2 d4+ 50. Kxg6 Ke5 51. Kxh5 d3 52. Kg5 Kd4+ 53. Kf4
Bd7 54. Rh2 Rf5+ 55. Kg3 Ke3 56. Bd1 Bc6 57. h5 Rg5+ 58. Kh4 Kf4 59. Rb2 Rg1
60. Rb4+ Ke3 61. Bb3 Bxf3 62. h6 Be4 63. Kh5 Bf3+ 64. Kh4 Rg6 65. h7 Rh6+ 66.
Kg5 Rxh7 67. Rb8 Rh5+ 68. Kg6 Ra5 69. Rd8 d2 70. Kf6 Be4 71. Rd7 Ra3 72. Bd1
Rxa2 73. Re7 Kf4 74. Kg7 Ra1 75. Bb3 Rg1+ 76. Kf8 Bd5 77. Re2 Bxb3 78. Rxd2 Ke5
79. Ke7 Rg7+ 80. Kf8 Rf7+ 81. Ke8 Rh7 82. Rf2 Kd6 83. Kf8 Bd5 84. Rf6+ Be6 85.
Rf2 Rh3 86. Kg7 Ke7 87. Rf7+ Kd6 88. Rf2 Bd5 89. Kf6 Rh8 90. Rf4 Rg8 91. Kf5
Rh8 92. Kf6 Rh3 93. Kf5 Be6+ 94. Ke4 Ra3 95. Kd4 Ra5 96. Ke4 Bd5+ 97. Kf5 Be6+
98. Ke4 Ra1 99. Kd4 Rc1 100. Ke4 Rd1 101. Ke3 Bd5 102. Ke2 Ra1 103. Rf2 Ke5
104. Ke3 Ra3+ 105. Kd2 Kd4 106. Rf4+ Be4 107. Rf2 Rb3 108. Ke2 Ra3 109. Kd2 Bf3
110. Ke1 Ke4 111. Rb2 Ra1+ 112. Kf2 Kf4 113. Rb4+ Be4 114. Rb2 Rh1 115. Rd2 Rh3
116. Ke2 Re3+ 117. Kf2 Bd3 118. Rb2 Rf3+ 119. Ke1 Ke4 120. Kd2 Kd4 121. Rb4+
Bc4 122. Rb2 Re3 123. Kc2 Rd3 124. Kc1 Rf3 125. Kc2 Rc3+ 126. Kd2 Bb3 127. Ke1
Rh3 128. Rd2+ Kc3 129. Rg2 1/2-1/2